01080nam a2200193Ia 4500001000800000003001000008008004100018040002500059041001300084100001200097245003400109250001100143260006500154300001200219500026200231501011400493520026200607650001700869L000-12IT-CnALBA170116s9999||||xx |||||||||||||| ||und|| aIT-CnALBAcIT-CnALBA aITALIANO aAA. VV. 0aLE FONTI DEL SAPERE VOL. III  a1a ed. bFENU ANTONIO'c1965 [1° Ed.:1965 - Ed.Ling.Originale: 1965] a382 p.  aALIMENTAZIONE UMANA. ARMI E ARMATURE. ARTE. ARTI MINORI. CASA E ARREDAMENTO CHIMICA CITTÀ COMUNICAZIONI E TRSPORTI. ESPLORATORI E NAVIGATORI. FILOSOFI. FISICA E GEOGRAFIA. GEOLOGIA. INDUSTRIA. INVENZIONI E SCOPERTE. LETTERATURA. MUSICA. NUMISMATICA. SOCIE aSocietà San Paolo EM - Piazza San Paolo, 14 - 12051 ALBA (CN) (non commercial uses only) ® Copyright 2017 aALIMENTAZIONE UMANA. ARMI E ARMATURE. ARTE. ARTI MINORI. CASA E ARREDAMENTO CHIMICA CITTÀ COMUNICAZIONI E TRSPORTI. ESPLORATORI E NAVIGATORI. FILOSOFI. FISICA E GEOGRAFIA. GEOLOGIA. INDUSTRIA. INVENZIONI E SCOPERTE. LETTERATURA. MUSICA. NUMISMATICA. SOCIE aGENERALITÀ